| 000 | 00401cam a2200157ua 4500 | ||
|---|---|---|---|
| 041 |
_aeng _h |
||
| 082 |
_a636.0892 _bDUK/PH |
||
| 100 | _aDukes, H H . | ||
| 245 |
_aPhysiology of domestic animals / _cH H Dukes. _hTextual Documents |
||
| 250 |
_a7 / _b. |
||
| 260 |
_aNew York : _bComstock Publishing Associates , _c1960. |
||
| 300 | _a1020 ; . | ||
| 504 | _a | ||
| 942 | _cBK | ||
| 999 |
_c8533 _d8533 |
||